000 00842nam a2200253 a 4500
001 26190
003 CO-ViMGA
005 20230915232150.0
008 141112s2004 ck r 000 u spa d
020 _a9682447232
035 _aAGJ2296 LA
040 _aCO-ViMGA
_bspa
_cCO-ViMGA
041 _aspa
082 0 4 _aR720.3 C15d
100 1 _aCamacho Cardona, Mario.
_940873
245 1 0 _aDiccionario de arquitectura y urbanismo /
_cMario Camacho Cardona.
260 _aMéxico :
_bEditorial Trillas,
_c1998.
300 _a776 p. : il. ; 25 cm.
500 _aIncluye bibliografĂ­a.
650 1 4 _aArquitectura - Diccionarios.
_94393
942 _2ddc
_cBK
949 _an n
999 _c33381
_d33381